000 00249nam a2200109Ia 4500
008 230312s9999||||xx |||||||||||||| ||und||
082 _a759.951
_bNIC:G
100 _anickel:john
245 0 _aGenerative design
650 _aArchitecture
942 _cBK
999 _c14546
_d14546